Online
Catalog

La Real Acequia del Jarama / (Record no. 14996)

MARC details
000 -CABECERA
campo de control de longitud fija 00675cam a2200181 a 4500
001 - NÚMERO DE CONTROL
campo de control 000015439
005 - FECHA Y HORA DE LA ÚLTIMA TRANSACCIÓN
campo de control 20200929164036.0
008 - DATOS DE LONGITUD FIJA--INFORMACIÓN GENERAL
campo de control de longitud fija 960321s1995 sp e 000 0 spa
020 ## - NÚMERO INTERNACIONAL ESTÁNDAR DEL LIBRO
Número Internacional Estándar del Libro 8438000932 (obra completa)
020 ## - NÚMERO INTERNACIONAL ESTÁNDAR DEL LIBRO
Número Internacional Estándar del Libro 8438000916 (Tomo I)
020 ## - NÚMERO INTERNACIONAL ESTÁNDAR DEL LIBRO
Número Internacional Estándar del Libro 8438000924 (Tomo II)
040 ## - FUENTE DE LA CATALOGACIÓN
Centro catalogador/agencia de origen DO-SdBNP
Lengua de catalogación spa
Centro/agencia transcriptor BNPHU
100 1# - ENTRADA PRINCIPAL--NOMBRE DE PERSONA
Nombre de persona Delgado, Pedro.
9 (RLIN) 34855
245 13 - MENCIÓN DE TÍTULO
Título La Real Acequia del Jarama /
Mención de responsabilidad, etc. Pedro Delgado.
260 ## - PUBLICACIÓN, DISTRIBUCIÓN, ETC.
Lugar de publicación, distribución, etc. España :
Nombre del editor, distribuidor, etc. Ministerio de Obras Públicas, Transportes y Medio Ambiente, Direccion General de Obras Hidráulicas,
Fecha de publicación, distribución, etc. 1995.
300 ## - DESCRIPCIÓN FÍSICA
Extensión v. :
Otras características físicas il., mapas ;
Dimensiones 34 cm.
500 ## - NOTA GENERAL
Nota general Incluye referencias bibliográficas y notas al pie de las págianas
Holdings
Estado de retiro Estado de pérdida Restricciones de uso No para préstamo Código de colección Localización permanente Ubicación/localización actual Ubicación en estantería Fecha de adquisición Número de inventario Total de préstamos Signatura topográfica completa Código de barras Fecha visto por última vez Precio válido a partir de Tipo de ítem Koha
    Préstamo interno   Monografías: Libros y Folletos General General En catalogación 08.02.2010 LF1   v.1 15439-10 25.06.2020 25.06.2020 Préstamo interno

Powered by Koha